| 000 | 00568nam a22001697a 4500 | ||
|---|---|---|---|
| 999 |
_c41456 _d41456 |
||
| 003 | OSt | ||
| 005 | 20220310115305.0 | ||
| 008 | 220310b ||||| |||| 00| 0 eng d | ||
| 020 | _a9789393016096 | ||
| 040 | _coclc | ||
| 082 |
_a297.61 _bZAI/M |
||
| 100 |
_99016 _aZainul Abid. T |
||
| 245 |
_aMalabar Muthal Istanbul vare: _bMamburam Sayyid Fazal Thangalude Rashtreeya Daishanika Sancharangal/ _cDr. T Zainul Abid |
||
| 260 |
_aKozhikode: _bOlive Publications, _c2021. |
||
| 300 | _a138 pages | ||
| 942 |
_2ddc _cBK _h297.61 _iZAI/M _k297.61 _mZAI/M |
||